000
00276nam a2200097Ia 4500
082
_a
J 968.7042 ROB
245
0
_a
LEWE SAAM MET DIE 1820-SETLAARS
100
_a
ROBERTSON, MARIAN Cape Town, 1985
_9
95428
942
_c
BK
008
210817s9999 xx 000 0 und d
999
_c
422244
_d
422243